000 01268nam0a2200325 i 4500
001 RU\NLR\BIBL_A\010566964
005 20240921141748.0
010 _a9785982691231
_9500
021 _aRU
_b2014-79498
_94853
035 _a(NILC)RuMoRGB-007570704
035 _a(NLR Aleph) 010566964
090 _a10407771
_c10407771
100 _a20141216d2014 k y0rusy50 ca
101 0 _arus
102 _aRU
105 _ay|||z||||||y|
200 1 _aСлавянизмы как историко-культурный феномен: синхрония VS. диахрония
_eмонография
_fЖ. К. Киынова
_gГос. ин-т рус. яз. им. А. С. Пушкина
210 _aМосква
_cГосударственный институт русского языка
_d2014
215 _a230, [1] с.
_d20
320 _aБиблиогр. в конце ст.
606 1 _aРусский язык
_xАрхаизмы
_91563156
_3RU\NLR\AUTH\66984164
610 0 _aславянизмы
686 1 _aШ141.12-312
700 1 _aКиынова
_bЖ. К.
_gЖанар Кабдыляшымовна
801 0 _aRU
_bРГБ
_c20141021
_gRCR
801 1 _aRU
_bРГБ
_c20141021
_2rusmarc
942 _cBOOK
980 _aNBR